Production and operations management (Record no. 185187)

MARC details
000 -LEADER
fixed length control field 00423nam a2200157Ia 4500
005 - DATE AND TIME OF LATEST TRANSACTION
control field 20250320140041.0
008 - FIXED-LENGTH DATA ELEMENTS--GENERAL INFORMATION
fixed length control field 231217s9999 xx 000 0 und d
020 ## - INTERNATIONAL STANDARD BOOK NUMBER
International Standard Book Number 9788177224634
082 ## - DEWEY DECIMAL CLASSIFICATION NUMBER
Classification number 658.5 STA;1 R
100 ## - MAIN ENTRY--PERSONAL NAME
Personal name Starr, Martin K.
245 #0 - TITLE STATEMENT
Title Production and operations management
260 ## - PUBLICATION, DISTRIBUTION, ETC. (IMPRINT)
Date of publication, distribution, etc. 2004
Name of publisher, distributor, etc. Biztantra
Place of publication, distribution, etc. New Delhi
300 ## - PHYSICAL DESCRIPTION
Extent xix, 852
650 ## - SUBJECT ADDED ENTRY--TOPICAL TERM
Topical term or geographic name as entry element Production,operations,management
942 ## - ADDED ENTRY ELEMENTS (KOHA)
Koha item type Books
Holdings
Date last seen Total Checkouts Full call number Accession number Old discount Uniform Resource Identifier Cost, replacement price Price effective from Category Lost status Damaged status Department Withdrawn status bill no. bill date Permanent Location Current Location Shelving location Entry date Vendor Cost, normal purchase price Grants Currency symbol Conversion rate Discount Discount type
26/01/2024   658.5 STA;1 R 58635 20 tal/contents/58635.pdf 319.20 26/01/2024 Books     Central Library   0910/1823 11/03/2014 Central Library Central Library Central Library 05/03/2010 Surya Infotainment Products Pvt. Ltd. 399.00 MBA RS 1 79.8 Rupees

© For any Suggestions or Query, please contact the library staff @ librarian@pes.edu or Phone: +9180 2672 1983/ 2108.